|
|
|
|
| LEADER |
00000nab a2200000 a 4500 |
| 001 |
vtls000922319 |
| 003 |
SK-MaSNL |
| 005 |
20260303034606.0 |
| 008 |
040720e19970526xo 0 slo |
| 035 |
|
|
|a KE31196
|
| 040 |
|
|
|a KEVKJB
|b slo
|c KEVKJB
|e AACR2
|
| 041 |
0 |
|
|a slo
|
| 044 |
|
|
|a xo
|c SK
|
| 080 |
|
|
|a 796.322
|2 1981
|
| 100 |
0 |
|
|a (sim)
|4 aut
|9 838485
|
| 245 |
1 |
0 |
|a Zaslúžený triumf Košíc
|b I.liga hádzanárov - 3. zápas (finále a o 3. miesto) a 2.zápas (o 5. a o 7. miesto)
|
| 610 |
2 |
7 |
|a ŠKP Bratislava
|2 KEVKJB
|9 1020074
|
| 610 |
2 |
7 |
|a Východoslovenské železiarne (Košice, Slovensko)
|2 KEVKJB
|
| 650 |
0 |
7 |
|a hádzaná
|2 KEVKJB
|9 3292
|
| 650 |
0 |
7 |
|a muži
|2 KEVKJB
|9 4888
|
| 650 |
0 |
7 |
|a liga 1.
|2 KEVKJB
|9 876089
|
| 650 |
0 |
7 |
|a stav 23:27 (12:11)
|2 KEVKJB
|9 1020154
|
| 650 |
0 |
7 |
|a priebeh zápasu
|2 KEVKJB
|9 882137
|
| 651 |
|
7 |
|a Košice (Slovensko)
|2 KEVKJB
|9 18694
|
| 651 |
|
7 |
|a KE,
|2 KEVKJB
|9 877256
|
| 655 |
|
7 |
|a periodikum
|2 snkbucl
|9 29553
|
| 710 |
2 |
|
|a ŠKP Bratislava
|4 aut
|9 1020074
|
| 710 |
2 |
|
|a Východoslovenské železiarne (Košice, Slovensko)
|4 aut
|
| 773 |
0 |
8 |
|t Šport
|g Roč. 51
|g Roč. 20, č.119, 26.5.1997, s. 21
|
| 852 |
|
|
|a ZVYKNI
|b KIS3GCP
|
| 999 |
|
|
|c 1674104
|d 1676034
|